[Event "Schleinich mem."]
[Site "Calgary CAN"]
[Date "2012.01.21"]
[Round "3"]
[White "Robichaud, Martin"]
[Black "Yam, Alex"]
[Result "0-1"]
[WhiteElo "2219"]
[BlackElo "2296"]
[PlyCount "136"]
[GameId "2160767909572776"]
[EventDate "2012.01.20"]
[EventType "swiss"]
[EventRounds "5"]
[EventCountry "CAN"]
[SourceTitle "EXT 2022"]
[Source "ChessBase"]
[SourceDate "2021.10.06"]
[SourceVersion "1"]
[SourceVersionDate "2021.10.06"]
[SourceQuality "1"]

1. e4 g6 2. d4 c6 3. Nf3 Bg7 4. Be3 Qb6 5. b3 d5 6. e5 Bg4 7. c4 e6 8. Nbd2 Ne7 9. Bd3 O-O 10. h3 Bf5 11. Be2 Nd7 12. g4 Be4 13. Nxe4 dxe4 14. Ng5 c5 15. Nxe4 cxd4 16. Bxd4 Qc7 17. Nf6+ Nxf6 18. exf6 Nc6 19. Bc3 Bh6 20. h4 Bf4 21. Qc2 Rad8 22. Qe4 e5 23. O-O Qd6 24. g5 h6 25. Bg4 hxg5 26. h5 gxh5 27. Qh1 Qxf6 28. Bxh5 Kg7 29. Rfd1 Qf5 30. Qf3 Qc2 31. Rd5 Nd4 32. Bxd4 exd4 33. Rxd8 Rxd8 34. Qxb7 Qf5 35. Qf3 d3 36. Bg4 Qe5 37. Rd1 d2 38. Qe2 Qb8 39. Qe4 Qb6 40. Kg2 Rh8 41. Kg1 Rh4 42. Qf3 Qd4 43. Kf1 Rh2 44. Bh3 Qb2 45. Bg2 Qc2 46. Kg1 Rh6 47. Bf1 g4 48. Bd3 gxf3 49. Bxc2 Re6 50. Kf1 Re5 51. Bd3 Kf6 52. b4 Rh5 53. Kg1 Bh2+ 54. Kh1 Bd6+ 55. Kg1 Bxb4 56. Be4 Rh3 57. Bd5 Ke5 58. Bxf7 Kd4 59. a3 Bc3 60. Be6 Rh5 61. Bd5 Rxd5 62. cxd5 Kd3 63. d6 Ke2 64. d7 Ba5 65. Rb1 d1=Q+ 66. Rxd1 Kxd1 67. Kf1 Bd8 68. a4 a5 0-1

[Event "Schleinich mem."]
[Site "Calgary CAN"]
[Date "2012.01.22"]
[Round "4"]
[White "Kazmaier, Daniel"]
[Black "Yam, Alex"]
[Result "1/2-1/2"]
[WhiteElo "2317"]
[BlackElo "2296"]
[PlyCount "97"]
[GameId "2160767909572777"]
[EventDate "2012.01.20"]
[EventType "swiss"]
[EventRounds "5"]
[EventCountry "CAN"]
[SourceTitle "EXT 2022"]
[Source "ChessBase"]
[SourceDate "2021.10.06"]
[SourceVersion "1"]
[SourceVersionDate "2021.10.06"]
[SourceQuality "1"]

1. d4 Nf6 2. Bg5 c5 3. d5 Ne4 4. Bf4 Qb6 5. Qc1 e6 6. c4 Qb4+ 7. Nd2 exd5 8. a3 Qb6 9. cxd5 Nxd2 10. Qxd2 d6 11. e4 Be7 12. Bd3 O-O 13. Ne2 Nd7 14. O-O Bf6 15. Rab1 Re8 16. Bg5 Bxg5 17. Qxg5 Ne5 18. Bc2 Bd7 19. Nf4 Qd8 20. Qg3 Qf6 21. b3 b5 22. Ne2 h5 23. f4 h4 24. Qc3 Ng4 25. Qf3 Qe7 26. Rbe1 f5 27. Nc3 b4 28. h3 Nf6 29. e5 bxc3 30. exf6 Qxf6 31. Kh2 Rab8 32. Rc1 Bb5 33. Rf2 Ba6 34. Rg1 Re7 35. g4 hxg3+ 36. Rxg3 Rbe8 37. Qxc3 Qxc3 38. Rxc3 Re2 39. Kg3 g6 40. b4 Rxf2 41. Kxf2 cxb4 42. axb4 Rc8 43. Rxc8+ Bxc8 44. Bd3 Bb7 45. Bc4 Kg7 46. Ke3 Kh6 47. Kf3 Kh5 48. Kg3 Kh6 49. Bb3 1/2-1/2

[Event "Schleinich mem."]
[Site "Calgary CAN"]
[Date "2012.01.22"]
[Round "4"]
[White "Neven, Knut"]
[Black "Robichaud, Martin"]
[Result "1-0"]
[WhiteElo "2235"]
[BlackElo "2219"]
[PlyCount "107"]
[GameId "2160767909572778"]
[EventDate "2012.01.20"]
[EventType "swiss"]
[EventRounds "5"]
[EventCountry "CAN"]
[SourceTitle "EXT 2022"]
[Source "ChessBase"]
[SourceDate "2021.10.06"]
[SourceVersion "1"]
[SourceVersionDate "2021.10.06"]
[SourceQuality "1"]

1. e4 e5 2. Nf3 Nc6 3. d4 exd4 4. Nxd4 Qh4 5. Nf3 Qxe4+ 6. Be3 Bc5 7. Bd3 Qb4+ 8. Bd2 Qg4 9. Nc3 Nf6 10. O-O d6 11. Nb5 Bb6 12. c4 a6 13. Nc3 Nd4 14. Re1+ Kf8 15. Be2 Nxe2+ 16. Qxe2 Be6 17. b3 Re8 18. Qf1 h6 19. h3 Qf5 20. Be3 Bxe3 21. Rxe3 Bd7 22. Rae1 Rxe3 23. Rxe3 g5 24. Nd4 Qg6 25. Nd5 Nxd5 26. cxd5 Kg7 27. Qc4 Qf6 28. Rf3 Qe5 29. Re3 Qf6 30. Rf3 Qd8 31. Qc3 f6 32. Re3 Kf7 33. Qc2 Qc8 34. h4 gxh4 35. Qe4 Qf8 36. Qxh4 h5 37. Rc3 Qd8 38. Qe4 Qc8 39. Qc2 Qe8 40. Re3 Qc8 41. Rg3 Rh6 42. Rc3 Qe8 43. Qc1 Rg6 44. Rxc7 Kg8 45. Kf1 Rg4 46. Ne6 Bxe6 47. dxe6 Qb5+ 48. Kg1 Qd5 49. g3 Rd4 50. Rc8+ Kg7 51. Qc7+ Kh6 52. Rh8+ Kg5 53. Qg7+ Kf5 54. Rxh5+ 1-0

[Event "Schleinich mem."]
[Site "Calgary CAN"]
[Date "2012.01.22"]
[Round "4"]
[White "Nguyen, Kim"]
[Black "Haessel, Dale"]
[Result "1-0"]
[WhiteElo "2208"]
[BlackElo "2300"]
[PlyCount "94"]
[GameId "2160767909572779"]
[EventDate "2012.01.20"]
[EventType "swiss"]
[EventRounds "5"]
[EventCountry "CAN"]
[SourceTitle "EXT 2022"]
[Source "ChessBase"]
[SourceDate "2021.10.06"]
[SourceVersion "1"]
[SourceVersionDate "2021.10.06"]
[SourceQuality "1"]

1. e4 e5 2. Bc4 Nf6 3. d3 c6 4. Nf3 d5 5. Bb3 a5 6. Nc3 Bb4 7. a3 Bxc3+ 8. bxc3 a4 9. Ba2 Qd6 10. O-O O-O 11. Qe2 Re8 12. Re1 Nbd7 13. exd5 e4 14. dxe4 Rxe4 15. Qd1 Rxe1+ 16. Qxe1 Nxd5 17. Bg5 Nf8 18. c4 Nc7 19. Be7 Qe6 20. Qb4 Na6 21. Qd6 Qxd6 22. Bxd6 Be6 23. Kf1 Rd8 24. Be7 Rd7 25. Bb4 c5 26. Ba5 f6 27. Ne1 Bf5 28. g3 Ne6 29. f3 Nd4 30. Rd1 Re7 31. c3 Bh3+ 32. Kg1 Rxe1+ 33. Rxe1 Nxf3+ 34. Kf2 Nxe1 35. Kxe1 Bf5 36. g4 Bxg4 37. Bb1 Bf3 38. Kf2 Bc6 39. Bb6 Kf7 40. Ke3 g6 41. Bd3 h5 42. h4 g5 43. Bf5 gxh4 44. Kf4 Bg2 45. Bd7 Bc6 46. Bf5 Ke7 47. Bh3 Bd7 1-0

[Event "September Tuesday op"]
[Site "Calgary CAN"]
[Date "2012.09.11"]
[Round "2"]
[White "Toth, Brian"]
[Black "Shi, Diwen"]
[Result "1/2-1/2"]
[WhiteElo "1857"]
[BlackElo "1844"]
[PlyCount "44"]
[GameId "2160767909445341"]
[EventDate "2012.09.04"]
[EventType "swiss"]
[EventRounds "4"]
[EventCountry "CAN"]

1. c4 e5 2. Nc3 Nc6 3. g3 f5 4. Bg2 Nf6 5. d3 Bc5 6. e3 d6 7. Nge2 O-O 8. a3 Qe8 9. b4 Bb6 10. Bd2 Bd7 11. Qc2 Qh5 12. Nd5 f4 13. gxf4 Bg4 14. Ng3 Qf7 15. f5 Nd7 16. Nxb6 Nxb6 17. b5 Nd8 18. e4 c6 19. Be3 Rc8 20. Qa2 Na4 21. O-O Kh8 22. Rfc1 Bh5 1/2-1/2

[Event "Sherbrooke op"]
[Site "Sherbrooke CAN"]
[Date "2012.05.25"]
[Round "1"]
[White "Hebert, Jean"]
[Black "Gelet, Seymour"]
[Result "1-0"]
[WhiteElo "2450"]
[BlackElo "2000"]
[PlyCount "79"]
[GameId "2160767909509244"]
[EventDate "2012.05.25"]
[EventType "swiss"]
[EventRounds "5"]
[EventCountry "CAN"]

1. c4 Nf6 2. Nf3 e6 3. Nc3 d5 4. d4 Be7 5. Bf4 O-O 6. e3 a6 7. c5 Nbd7 8. Bd3 Nh5 9. O-O Nxf4 10. exf4 c6 11. b4 Qc7 12. g3 f5 13. Re1 Nf6 14. Ne5 Nd7 15. a4 Nxe5 16. fxe5 Bd7 17. f4 Kh8 18. g4 g6 19. Ra2 b5 20. Rg2 Rg8 21. Qf3 Qb8 22. Rb1 Qe8 23. Kh1 Qf7 24. gxf5 gxf5 25. Rxg8+ Rxg8 26. axb5 axb5 27. Ra1 Qg7 28. Ne2 Be8 29. Rg1 Qf7 30. Ng3 Bh4 31. Ra1 Qg7 32. Be2 h6 33. Ra8 Bg6 34. Qa3 Be8 35. Ra7 Be7 36. Rb7 Qf8 37. Qa7 Rg7 38. Qa8 Rg8 39. Rb8 Bh4 40. Bh5 1-0

[Event "Sherbrooke op"]
[Site "Sherbrooke CAN"]
[Date "2012.05.25"]
[Round "1"]
[White "Lachance, Pierre-Alexis"]
[Black "Gauthier, Martin"]
[Result "1-0"]
[WhiteElo "1027"]
[BlackElo "1439"]
[PlyCount "75"]
[GameId "2160767909509245"]
[EventDate "2012.05.25"]
[EventType "swiss"]
[EventRounds "5"]
[EventCountry "CAN"]

1. e4 e5 2. Nf3 Nc6 3. Bc4 Bc5 4. d3 Nf6 5. O-O O-O 6. Nc3 h6 7. Be3 Bxe3 8. fxe3 d6 9. Nd5 Bg4 10. h3 Be6 11. Nxf6+ Qxf6 12. Nd4 Qg6 13. Nf3 Bxh3 14. Rf2 Bd7 15. Nh4 Qg5 16. Nf3 Qxe3 17. Qe2 Qxe2 18. Rxe2 Kh8 19. Kf2 f5 20. Nh4 fxe4+ 21. Ke1 Bf5 22. dxe4 Bh7 23. g4 Rf4 24. Rh2 Rxe4+ 25. Be2 Nd4 26. Kd1 Rxe2 27. Rxe2 Nxe2 28. Kxe2 Bxc2 29. Rh1 Rf8 30. g5 h5 31. a4 Kh7 32. Ng2 Be4 33. Rxh5+ Kg6 34. Rh2 Kxg5 35. Ne3 d5 36. Rh3 d4 37. Rg3+ Kf4 38. Rg4# 1-0

[Event "Sherbrooke op"]
[Site "Sherbrooke CAN"]
[Date "2012.05.25"]
[Round "1"]
[White "Poulin, Mathieu"]
[Black "Sambuev, Bator"]
[Result "0-1"]
[WhiteElo "2020"]
[BlackElo "2571"]
[PlyCount "54"]
[GameId "2160767909509246"]
[EventDate "2012.05.25"]
[EventType "swiss"]
[EventRounds "5"]
[EventCountry "CAN"]

1. d4 Nf6 2. c4 e6 3. Nc3 Bb4 4. Qc2 c5 5. dxc5 O-O 6. Bg5 Na6 7. e3 Nxc5 8. a3 Bxc3+ 9. Qxc3 Nce4 10. Qe5 Nxg5 11. Qxg5 d5 12. Nf3 Qa5+ 13. b4 Qa4 14. Nd4 h6 15. Qf4 a5 16. b5 Re8 17. Qe5 Ng4 18. Qg3 e5 19. Be2 exd4 20. Bxg4 Qxc4 21. Bxc8 Qc3+ 22. Ke2 Qc2+ 23. Kf3 Raxc8 24. Rhc1 Qe4+ 25. Ke2 Rc2+ 26. Kf1 dxe3 27. Rxc2 e2+ 0-1

[Event "Sherbrooke op"]
[Site "Sherbrooke CAN"]
[Date "2012.05.26"]
[Round "2"]
[White "Lalumiere, Claude"]
[Black "Poulin, Mathieu"]
[Result "0-1"]
[WhiteElo "1831"]
[BlackElo "2020"]
[PlyCount "166"]
[GameId "2160767909509247"]
[EventDate "2012.05.25"]
[EventType "swiss"]
[EventRounds "5"]
[EventCountry "CAN"]

1. e4 c6 2. d4 d5 3. exd5 cxd5 4. Bd3 Nc6 5. c3 Nf6 6. Bf4 Bg4 7. Ne2 e6 8. O-O Be7 9. Nd2 O-O 10. Re1 Rc8 11. Nf1 Bh5 12. Qb3 Na5 13. Qc2 Nc4 14. Neg3 Bg6 15. Bxg6 hxg6 16. Ne3 b5 17. a3 a5 18. Qb3 Qb6 19. Nxc4 Rxc4 20. Nf1 Rfc8 21. Nd2 R4c6 22. Nf3 Qb7 23. Ne5 Rb6 24. Bd2 Ne4 25. Re2 Bd6 26. Be1 b4 27. axb4 axb4 28. cxb4 Bxb4 29. Qf3 Bd6 30. Nd3 Rb3 31. Re3 Rc4 32. Qe2 Rxd4 33. f3 Nf6 34. Bc3 Rc4 35. Ne5 Rc8 36. Kh1 Bc5 37. Rd3 Qb6 38. Qd1 Qc7 39. Qxb3 d4 40. Bxd4 Bxd4 41. Rxd4 Qxe5 42. Qd3 Nd5 43. Qd2 Rb8 44. Re1 Qd6 45. Rb1 Rb3 46. Qc2 Qb8 47. Rd3 Rb4 48. g3 g5 49. Qd2 g4 50. fxg4 Rxg4 51. Rd4 Rg6 52. Rf1 Qb7 53. Qg2 Qa7 54. Qe4 Qa6 55. Rc1 Rf6 56. Rdd1 Rf2 57. Qd4 Qe2 58. Rc8+ Kh7 59. Qd3+ Qxd3 60. Rxd3 Rxb2 61. Rf8 Kg6 62. h4 Nf6 63. Rd4 e5 64. Rd6 Rb7 65. g4 Rb4 66. h5+ Kh6 67. Rxf7 Rxg4 68. Rfxf6+ gxf6 69. Rxf6+ Kxh5 70. Rf8 Kg5 71. Kh2 Rf4 72. Re8 Kf5 73. Kg3 Ke4 74. Ra8 Rf1 75. Ra4+ Kf5 76. Ra5 Rb1 77. Kf3 Rb3+ 78. Ke2 Kf4 79. Ra8 Rb2+ 80. Ke1 e4 81. Ra4 Kf3 82. Ra3+ e3 83. Ra1 Rh2 0-1

[Event "Sherbrooke op"]
[Site "Sherbrooke CAN"]
[Date "2012.05.26"]
[Round "2"]
[White "Sambuev, Bator"]
[Black "Lepine, Cedric"]
[Result "1-0"]
[WhiteElo "2571"]
[BlackElo "2046"]
[PlyCount "38"]
[GameId "2160767909509248"]
[EventDate "2012.05.25"]
[EventType "swiss"]
[EventRounds "5"]
[EventCountry "CAN"]

1. d4 Nf6 2. c4 g6 3. Nc3 d5 4. Bf4 Bg7 5. e3 O-O 6. cxd5 Nxd5 7. Nxd5 Qxd5 8. Bxc7 Nc6 9. Nf3 Bf5 10. Be2 Rac8 11. Bg3 Nb4 12. O-O Nc2 13. Rc1 Qxa2 14. Bd3 Qb3 15. e4 Nxd4 16. Nxd4 Qxd1 17. Rcxd1 Bg4 18. Be2 Bxd4 19. Bxg4 Rc2 1-0

[Event "Sherbrooke op"]
[Site "Sherbrooke CAN"]
[Date "2012.05.26"]
[Round "3"]
[White "Hebert, Jean"]
[Black "Sambuev, Bator"]
[Result "1-0"]
[WhiteElo "2450"]
[BlackElo "2571"]
[PlyCount "169"]
[GameId "2160767909509249"]
[EventDate "2012.05.25"]
[EventType "swiss"]
[EventRounds "5"]
[EventCountry "CAN"]

1. d4 Nf6 2. c4 e6 3. Nf3 Bb4+ 4. Bd2 Qe7 5. g3 O-O 6. Bg2 d5 7. a3 Bxd2+ 8. Nbxd2 Rd8 9. c5 Nc6 10. b4 e5 11. dxe5 Nxe5 12. O-O a5 13. Nxe5 Qxe5 14. Nc4 Qh5 15. Nxa5 Bg4 16. f3 Bc8 17. Qd4 Re8 18. e3 Ra6 19. c6 bxc6 20. Rac1 Qh6 21. Rfe1 Nd7 22. Qf4 g5 23. Qxc7 Ne5 24. Rf1 Bh3 25. Bxh3 Qxh3 26. Qb7 Rea8 27. e4 R6a7 28. Qb6 g4 29. fxg4 Nxg4 30. Rc2 dxe4 31. Qd4 Re7 32. Re2 Re6 33. Rf5 h6 34. Qd7 Rf8 35. Nxc6 Kg7 36. Nd8 Rf6 37. Rxf6 Kxf6 38. Qd4+ Kg6 39. Qxe4+ Kg7 40. Qd4+ Kg8 41. Nc6 Qh5 42. Ne7+ Kh7 43. Nd5 f6 44. Nf4 Qf5 45. Qe4 Qxe4 46. Rxe4 Ra8 47. Re7+ Kg8 48. b5 Rxa3 49. b6 Ra1+ 50. Kg2 Ra2+ 51. Kh3 f5 52. Re2 Ra8 53. b7 Rb8 54. Re7 Nf2+ 55. Kh4 Ne4 56. Kh5 Nd6 57. Kxh6 Rxb7 58. Rxb7 Nxb7 59. Kg6 Nd6 60. Kf6 Kh7 61. Ke6 Nc4 62. Nd5 Kg6 63. h4 Nd2 64. Nf4+ Kh6 65. Kxf5 Nf1 66. Kg4 Kg7 67. Ne2 Kg6 68. Kf4 Kh5 69. Nd4 Nd2 70. Nf3 Nb3 71. g4+ Kh6 72. Kf5 Nc5 73. Ne5 Nb7 74. Kf6 Nc5 75. g5+ Kh5 76. g6 Ne4+ 77. Ke7 Ng3 78. Ke6 Kh6 79. Kf7 Nf5 80. Kf6 Ne3 81. g7 Nd5+ 82. Kf7 Ne7 83. Ng4+ Kh7 84. Nf6+ Kh6 85. Ng8+ 1-0

[Event "Sherbrooke op"]
[Site "Sherbrooke CAN"]
[Date "2012.05.26"]
[Round "3"]
[White "Leung, Chin"]
[Black "Straehl, Patrick"]
[Result "1-0"]
[WhiteElo "1628"]
[BlackElo "1404"]
[PlyCount "67"]
[GameId "2160767909509250"]
[EventDate "2012.05.25"]
[EventType "swiss"]
[EventRounds "5"]
[EventCountry "CAN"]

1. e4 e5 2. Nf3 d6 3. d4 exd4 4. Nxd4 Nf6 5. Nc3 Bd7 6. Bc4 Nc6 7. O-O Be7 8. f4 O-O 9. e5 dxe5 10. Nxc6 Bxc6 11. fxe5 Qxd1 12. Rxd1 Bc5+ 13. Kf1 Ng4 14. Bf4 Rae8 15. Re1 Kh8 16. h3 Nh6 17. Ne4 Bxe4 18. Rxe4 Nf5 19. Rae1 c6 20. c3 g5 21. g4 Ng7 22. Bxg5 Ne6 23. Bf6+ Kg8 24. Rd1 h6 25. h4 b5 26. Bd3 Nc7 27. g5 Nd5 28. Ke2 Nxf6 29. gxf6 Re6 30. Rf1 Kh8 31. Rf5 Rg8 32. Kf3 Rd8 33. Bc2 Rd7 34. Rh5 1-0

[Event "Sherbrooke op"]
[Site "Sherbrooke CAN"]
[Date "2012.05.26"]
[Round "3"]
[White "Luo, Zhao Yang"]
[Black "Wan, Kevin"]
[Result "1-0"]
[WhiteElo "2050"]
[BlackElo "1790"]
[PlyCount "59"]
[GameId "2160767909509251"]
[EventDate "2012.05.25"]
[EventType "swiss"]
[EventRounds "5"]
[EventCountry "CAN"]

1. d4 d5 2. Nf3 Nf6 3. e3 e6 4. Bd3 Bd6 5. b3 c5 6. O-O O-O 7. Bb2 Nc6 8. Ne5 g6 9. a3 Nd7 10. f4 cxd4 11. exd4 Qb6 12. Kh1 Be7 13. Nc3 Bf6 14. Na4 Qc7 15. c4 Bg7 16. Rc1 f6 17. Nxc6 bxc6 18. Qe2 Qd6 19. Bc3 Re8 20. cxd5 cxd5 21. Bb4 Qb8 22. Rc6 e5 23. fxe5 fxe5 24. Qf2 Nf6 25. Rxf6 Bxf6 26. Qxf6 Be6 27. Bxg6 hxg6 28. Qxg6+ Kh8 29. Rf6 Qc7 30. Qh5+ 1-0

[Event "St Jean op"]
[Site "St Jean sur Richelieu CAN"]
[Date "2012.06.08"]
[Round "1"]
[White "Arsenault, Nicolas"]
[Black "Kovalyov, Anton"]
[Result "0-1"]
[WhiteElo "2092"]
[BlackElo "2595"]
[PlyCount "78"]
[GameId "2160767909509152"]
[EventDate "2012.06.08"]
[EventType "swiss"]
[EventRounds "5"]
[EventCountry "CAN"]
[SourceTitle "EXT 2022"]
[Source "ChessBase"]
[SourceDate "2021.10.06"]
[SourceVersion "1"]
[SourceVersionDate "2021.10.06"]
[SourceQuality "1"]

1. e4 c5 2. Nf3 d6 3. d4 cxd4 4. Nxd4 Nf6 5. Nc3 a6 6. Be2 e5 7. Nb3 Be7 8. O-O O-O 9. Bf3 Be6 10. Re1 Qc7 11. a4 h6 12. h3 Rc8 13. Be3 Nbd7 14. a5 b5 15. Re2 Qb7 16. Nd5 Bxd5 17. exd5 e4 18. Bg4 Nxg4 19. hxg4 Ne5 20. Bf4 Nxg4 21. Rxe4 Nf6 22. Re2 Nxd5 23. Bg3 Bf6 24. Rd2 Ne7 25. c3 d5 26. Bd6 Rd8 27. Bxe7 Bxe7 28. Qf3 Rac8 29. Rad1 b4 30. c4 Rxc4 31. Rxd5 Rxd5 32. Rxd5 Rc7 33. Qd3 Qc6 34. Re5 Rd7 35. Qe2 Bf6 36. Rc5 Qd6 37. Qe4 Rd8 38. Qxb4 Qd1+ 39. Kh2 Be7 0-1

[Event "St Jean op"]
[Site "St Jean sur Richelieu CAN"]
[Date "2012.06.08"]
[Round "1"]
[White "Berube, Antoine"]
[Black "Abran, David"]
[Result "1-0"]
[WhiteElo "2246"]
[BlackElo "1767"]
[PlyCount "81"]
[GameId "2160767909509153"]
[EventDate "2012.06.08"]
[EventType "swiss"]
[EventRounds "5"]
[EventCountry "CAN"]
[SourceTitle "EXT 2022"]
[Source "ChessBase"]
[SourceDate "2021.10.06"]
[SourceVersion "1"]
[SourceVersionDate "2021.10.06"]
[SourceQuality "1"]

1. d4 Nf6 2. c4 e6 3. Nc3 Bb4 4. Nf3 O-O 5. Bg5 c5 6. e3 cxd4 7. exd4 Nc6 8. Bd3 d5 9. O-O dxc4 10. Bxc4 Be7 11. Rc1 Nb4 12. Ne5 Nbd5 13. Bd3 Ne8 14. Bxe7 Qxe7 15. Nxd5 exd5 16. Re1 Be6 17. Qh5 Nf6 18. Qh4 Rfc8 19. Bxh7+ Kf8 20. Bd3 Rxc1 21. Rxc1 Ng8 22. Qf4 Qb4 23. b3 Ne7 24. h3 Rc8 25. Rxc8+ Nxc8 26. Qh4 Ke8 27. Qh8+ Ke7 28. Qxg7 Qe1+ 29. Bf1 Nd6 30. Nf3 Qd1 31. Qg5+ Ke8 32. Qf4 Kd7 33. h4 Ne4 34. h5 Nc3 35. Qe3 Nxa2 36. h6 Qb1 37. Qd3 Bf5 38. Ne5+ Ke7 39. Qe3 Qe4 40. Qg5+ Ke8 41. Bb5+ 1-0

[Event "St Jean op"]
[Site "St Jean sur Richelieu CAN"]
[Date "2012.06.08"]
[Round "1"]
[White "Lessard, Claude"]
[Black "Hebert, Jean"]
[Result "0-1"]
[WhiteElo "1998"]
[BlackElo "2455"]
[PlyCount "120"]
[GameId "2160767909509154"]
[EventDate "2012.06.08"]
[EventType "swiss"]
[EventRounds "5"]
[EventCountry "CAN"]
[SourceTitle "EXT 2022"]
[Source "ChessBase"]
[SourceDate "2021.10.06"]
[SourceVersion "1"]
[SourceVersionDate "2021.10.06"]
[SourceQuality "1"]

1. Nf3 c5 2. g3 Nc6 3. c4 Nf6 4. Bg2 d5 5. cxd5 Nxd5 6. O-O e5 7. Nc3 Be6 8. d3 Be7 9. Bd2 Rc8 10. Nxd5 Bxd5 11. Bc3 O-O 12. Bh3 f6 13. e4 Bf7 14. Bxc8 Qxc8 15. Nh4 g6 16. Ng2 Rd8 17. f4 c4 18. fxe5 Rxd3 19. Qe2 Bc5+ 20. Kh1 fxe5 21. Rxf7 Kxf7 22. Rf1+ Kg7 23. Ne1 Rd8 24. Qxc4 Rf8 25. Rxf8 Qxf8 26. Qe2 Bd4 27. Kg2 Qc5 28. Bd2 Bxb2 29. Bg5 Bd4 30. Qg4 Qf8 31. Nf3 Qf7 32. a4 h6 33. Bd2 Bc5 34. Qh4 g5 35. Qg4 Be7 36. h3 Bf6 37. h4 h5 38. Qf5 g4 39. Ng5 Bxg5 40. Qxg5+ Qg6 41. Qe3 Nd4 42. Bc3 Qf6 43. Bxd4 exd4 44. Qd3 b6 45. Kg1 Qe5 46. Kh2 Kf6 47. Qf1+ Ke7 48. Qa6 Qc7 49. Qb5 Qc2+ 50. Kg1 Qc5 51. Qd3 Qc3 52. Qa6 Qxg3+ 53. Kf1 Qf4+ 54. Kg1 Qc7 55. Kg2 Kd6 56. Qb5 Qc2+ 57. Kf1 Qd1+ 58. Kg2 Qf3+ 59. Kg1 Qxe4 60. Qxh5 d3 0-1

[Event "St Jean op"]
[Site "St Jean sur Richelieu CAN"]
[Date "2012.06.08"]
[Round "1"]
[White "Masse, Hugues"]
[Black "Chiffot, Nicolas"]
[Result "1-0"]
[WhiteElo "2297"]
[BlackElo "1978"]
[PlyCount "93"]
[GameId "2160767909509155"]
[EventDate "2012.06.08"]
[EventType "swiss"]
[EventRounds "5"]
[EventCountry "CAN"]
[SourceTitle "EXT 2022"]
[Source "ChessBase"]
[SourceDate "2021.10.06"]
[SourceVersion "1"]
[SourceVersionDate "2021.10.06"]
[SourceQuality "1"]

1. d4 Nf6 2. c4 g6 3. g3 d5 4. cxd5 Nxd5 5. Bg2 Bg7 6. Nf3 Nc6 7. Nc3 Nb6 8. e3 O-O 9. O-O a5 10. d5 Nb4 11. e4 e6 12. a3 Na6 13. Bg5 Bf6 14. Bxf6 Qxf6 15. Qd4 Qxd4 16. Nxd4 exd5 17. exd5 Nc4 18. b3 Nd6 19. Rac1 Bd7 20. Ne4 Nxe4 21. Bxe4 Rad8 22. Rc4 Rfe8 23. Bg2 Re7 24. Rfc1 Rde8 25. Nc2 b6 26. Ne3 Bb5 27. R4c3 a4 28. b4 Kg7 29. Bf3 f5 30. Kg2 Rd8 31. Nc2 Be2 32. Bxe2 Rxe2 33. Nd4 Ree8 34. Ne6+ Kf7 35. Nxd8+ Rxd8 36. Rd1 c5 37. bxc5 Nxc5 38. d6 Rd7 39. Rc4 Ne4 40. f3 b5 41. Rc7 Nf6 42. Re1 Kf8 43. Rxd7 Nxd7 44. Rb1 Kf7 45. Rxb5 Ke6 46. Ra5 Kxd6 47. Rxa4 1-0

[Event "St Jean op"]
[Site "St Jean sur Richelieu CAN"]
[Date "2012.06.08"]
[Round "1"]
[White "Sambuev, Bator"]
[Black "Champetier, Serge"]
[Result "1-0"]
[WhiteElo "2550"]
[BlackElo "2023"]
[PlyCount "49"]
[GameId "2160767909509156"]
[EventDate "2012.06.08"]
[EventType "swiss"]
[EventRounds "5"]
[EventCountry "CAN"]
[SourceTitle "EXT 2022"]
[Source "ChessBase"]
[SourceDate "2021.10.06"]
[SourceVersion "1"]
[SourceVersionDate "2021.10.06"]
[SourceQuality "1"]

1. d4 d5 2. Nf3 Nc6 3. c4 Bg4 4. cxd5 Bxf3 5. exf3 Qxd5 6. Nc3 Qxd4 7. Qc2 e6 8. Be3 Qd7 9. Bb5 a6 10. Ba4 Bd6 11. O-O Nge7 12. Ne4 b5 13. Bb3 Nb4 14. Nxd6+ cxd6 15. Qc3 Ned5 16. Qxg7 O-O-O 17. a4 Rhg8 18. Qd4 e5 19. Qh4 Qf5 20. Rfc1+ Kb8 21. Kh1 Rc8 22. axb5 axb5 23. Rd1 Qg6 24. g3 Qf5 25. Ba7+ 1-0

[Event "St Jean op"]
[Site "St Jean sur Richelieu CAN"]
[Date "2012.06.09"]
[Round "2"]
[White "Caire, Francois"]
[Black "Sambuev, Bator"]
[Result "1/2-1/2"]
[WhiteElo "2550"]
[BlackElo "2268"]
[PlyCount "110"]
[GameId "2160767909509157"]
[EventDate "2012.06.08"]
[EventType "swiss"]
[EventRounds "5"]
[EventCountry "CAN"]
[SourceTitle "EXT 2022"]
[Source "ChessBase"]
[SourceDate "2021.10.06"]
[SourceVersion "1"]
[SourceVersionDate "2021.10.06"]
[SourceQuality "1"]

1. Nf3 c5 2. Nc3 Nc6 3. d4 cxd4 4. Nxd4 g6 5. e4 Bg7 6. Be3 Nf6 7. Be2 O-O 8. Nb3 a6 9. f4 e5 10. fxe5 Nxe5 11. Qd6 Nfg4 12. Bb6 Qg5 13. O-O Qh4 14. Bxg4 Nxg4 15. Bd4 Qg5 16. Nd5 Bxd4+ 17. Nxd4 Qe5 18. Qxe5 Nxe5 19. Nb6 Rb8 20. Rf6 Nc6 21. Ne2 Nb4 22. a3 Nxc2 23. Rc1 Ne3 24. Rf3 Ng4 25. Rfc3 d5 26. Rxc8 dxe4 27. Rxf8+ Rxf8 28. Rc7 f5 29. h3 Ne3 30. Nc3 Rf7 31. Rxf7 Kxf7 32. Kf2 Nc2 33. Nd7 b5 34. Ne2 a5 35. Ne5+ Ke6 36. Nc6 Kd5 37. Nxa5 g5 38. Nc3+ Kd4 39. Ke2 Kc5 40. g4 b4 41. axb4+ Kxb4 42. Nc6+ Kc5 43. Kd2 fxg4 44. hxg4 Na1 45. Ne7 Kd4 46. Nf5+ Ke5 47. b4 h5 48. Ne2 hxg4 49. Nfd4 g3 50. Ke3 g2 51. b5 Kd6 52. Kf2 Kc5 53. Kxg2 Nc2 54. Nxc2 Kxb5 55. Ne3 g4 1/2-1/2

[Event "St Jean op"]
[Site "St Jean sur Richelieu CAN"]
[Date "2012.06.09"]
[Round "2"]
[White "Champetier, Serge"]
[Black "Lessard, Claude"]
[Result "0-1"]
[WhiteElo "2550"]
[BlackElo "1998"]
[PlyCount "84"]
[GameId "2160767909509158"]
[EventDate "2012.06.08"]
[EventType "swiss"]
[EventRounds "5"]
[EventCountry "CAN"]
[SourceTitle "EXT 2022"]
[Source "ChessBase"]
[SourceDate "2021.10.06"]
[SourceVersion "1"]
[SourceVersionDate "2021.10.06"]
[SourceQuality "1"]

1. e4 c6 2. d4 d5 3. e5 c5 4. dxc5 Nc6 5. Bb5 a6 6. Bxc6+ bxc6 7. b4 a5 8. c3 Qc7 9. Qd4 e6 10. Ne2 Ba6 11. a3 Ne7 12. Ra2 Nf5 13. Qd1 Qxe5 14. O-O Be7 15. Re1 Qb8 16. Nd4 Nxd4 17. cxd4 axb4 18. Qg4 Bf6 19. Bf4 Qb7 20. Bd6 Bc4 21. Rb2 b3 22. Re3 h5 23. Qd1 Kd7 24. f4 g6 25. h3 h4 26. Kh1 Rh5 27. Nd2 Rxa3 28. Nxb3 Qa6 29. Kh2 Qa4 30. Qb1 Bb5 31. Rd2 Rf5 32. Qd1 Bc4 33. Rb2 Rh5 34. Qg4 Rxb3 35. Rxe6 fxe6 36. Qxg6 Bd8 37. Qf7+ Kc8 38. Qxe6+ Kb7 39. Qd7+ Ka6 40. Qc8+ Kb5 41. Qxd8 Kb4 42. Rf2 Qa1 0-1

[Event "St Jean op"]
[Site "St Jean sur Richelieu CAN"]
[Date "2012.06.09"]
[Round "2"]
[White "Chiffot, Nicolas"]
[Black "Arsenault, Nicolas"]
[Result "0-1"]
[WhiteElo "1978"]
[BlackElo "2092"]
[PlyCount "44"]
[GameId "2160767909509159"]
[EventDate "2012.06.08"]
[EventType "swiss"]
[EventRounds "5"]
[EventCountry "CAN"]
[SourceTitle "EXT 2022"]
[Source "ChessBase"]
[SourceDate "2021.10.06"]
[SourceVersion "1"]
[SourceVersionDate "2021.10.06"]
[SourceQuality "1"]

1. d4 Nf6 2. c4 e6 3. Nc3 Bb4 4. e3 O-O 5. Bd3 d5 6. Nf3 c5 7. O-O Nc6 8. h3 dxc4 9. Bxc4 cxd4 10. exd4 b6 11. Bg5 Be7 12. Re1 Bb7 13. a3 Rc8 14. Qd3 Nd5 15. Ne4 h6 16. Bxe7 Ncxe7 17. Ba2 Nf4 18. Qd2 Neg6 19. Rad1 Bd5 20. Bb1 f5 21. Nc3 Bxf3 22. gxf3 Qg5+ 0-1